000 00737nam a2200289Ia 4500
005 20260324123241.0
008 008 260324s9999 xx 000 0 eng d
020 _a9781315564890
037 _aEBOOK
040 _aCRL
040 _beng
040 _cCRL
041 _2eng
041 _aeng
084 _qCRL
100 _aScott K. Taylor; Emily Michelson
_91169600
245 2 _aA Linking of Heaven and Earth
245 0 _bStudies in Religious and Cultural History in Honor of Carlos M.N. Eire
260 _bTaylor and Francis
260 _c2012
365 _a
365 _b255
856 _uhttp://www.taylorfrancis.com/books/9781315564890
942 _cEBOOK
999 _c1762955
_d1762955